Minimálna mzda a jej dopady na mzdové veličiny v roku 2023

Zamestnávateľ je povinný zamestnancovi za vykonanú prácu zaplatiť mzdu, odmenu alebo plat. Právo na mzdu za vykonanú prácu je jednou zo základných vlastností pracovnoprávnych vzťahov, ktorou je odplatnosť. Minimálna mzda sa na rok 2023 na základe dohody sociálnych partnerov zvyšuje zo súčasných 646...

Ausführliche Beschreibung

Gespeichert in:
Bibliographische Detailangaben
1. Verfasser: Matlovičová, Iveta
Format: Buchkapitel
Sprache:Slowakisch
Schlagworte:
Tags: Tag hinzufügen
Keine Tags, Fügen Sie das erste Tag hinzu!

MARC

LEADER 00000naa a2200000 4500
001 0290747
005 20240417075224.1
041 0 |a slo 
044 |a SK 
245 1 0 |a Minimálna mzda a jej dopady na mzdové veličiny v roku 2023  |c Iveta Matlovičová 
520 |a Zamestnávateľ je povinný zamestnancovi za vykonanú prácu zaplatiť mzdu, odmenu alebo plat. Právo na mzdu za vykonanú prácu je jednou zo základných vlastností pracovnoprávnych vzťahov, ktorou je odplatnosť. Minimálna mzda sa na rok 2023 na základe dohody sociálnych partnerov zvyšuje zo súčasných 646 eur na 700 eur. 
610 2 0 |a mzdy minimálne 
610 2 0 |a zamestnanci 
610 2 0 |a zamestnávatelia 
610 2 0 |a povinnosti zamestnávateľov 
610 2 0 |a vzťahy pracovnoprávne 
610 2 0 |a zákonník práce 
610 2 0 |a legislatíva 
100 1 |a Matlovičová, Iveta